Účtovníctvo a opravné položky

Eliminácia rizík nadhodnotenia majetku pomocou korekcií, ktorých uplatnenie determinujú opatrenia Ministerstva financií SR. Ustanovenia a postupy pre podnikateľov účtujúcich v sústave podvojného účtovníctva a tvorba opravných položiek.

Enregistré dans:
Détails bibliographiques
Auteur principal: Rybárová, Emília
Format: Chapitre de livre
Langue:slovaque
Sujets:
Tags: Ajouter un tag
Pas de tags, Soyez le premier à ajouter un tag!

MARC

LEADER 00000naa a2200000 4500
001 0141609
005 20231006073147.0
041 0 |a slo 
044 |a SK 
245 1 0 |a Účtovníctvo a opravné položky  |c Emília Rybárová 
520 |a Eliminácia rizík nadhodnotenia majetku pomocou korekcií, ktorých uplatnenie determinujú opatrenia Ministerstva financií SR. Ustanovenia a postupy pre podnikateľov účtujúcich v sústave podvojného účtovníctva a tvorba opravných položiek. 
610 2 0 |a podnik 
610 2 0 |a podnikatelia 
610 2 0 |a účtovníctvo podvojné 
610 2 0 |a položky opravné 
610 2 0 |a pravidlá účtovné 
610 2 0 |a oceňovanie 
610 2 0 |a majetok 
610 2 0 |a imanie vlastné 
610 2 0 |a výkazníctvo účtovné 
610 2 0 |a súvaha 
100 1 |a Rybárová, Emília